International Supply Chain Management (Record no. 808)

MARC details
000 -LEADER
fixed length control field 00523nam a22001817a 4500
003 - CONTROL NUMBER IDENTIFIER
control field OSt
005 - DATE AND TIME OF LATEST TRANSACTION
control field 20260324162615.0
008 - FIXED-LENGTH DATA ELEMENTS--GENERAL INFORMATION
fixed length control field 250615b |||||||| |||| 00| 0 eng d
020 ## - INTERNATIONAL STANDARD BOOK NUMBER
International Standard Book Number 9781861241207
040 ## - CATALOGING SOURCE
Transcribing agency Outspan Global University
050 ## - LIBRARY OF CONGRESS CALL NUMBER
Classification number HF1131
Item number .W39 2003
100 ## - MAIN ENTRY--PERSONAL NAME
Personal name Wayt, Kenneth
Relator term Author
245 ## - TITLE STATEMENT
Title International Supply Chain Management
Statement of responsibility, etc. by Kenneth Wayt
250 ## - EDITION STATEMENT
Edition statement 2nd ed
260 ## - PUBLICATION, DISTRIBUTION, ETC.
Place of publication, distribution, etc. Uk:
Name of publisher, distributor, etc. The Chartered Institute Of Purchasing and Supply,
Date of publication, distribution, etc. c2002.
650 ## - SUBJECT ADDED ENTRY--TOPICAL TERM
Topical term or geographic name entry element Supply Chain
942 ## - ADDED ENTRY ELEMENTS (KOHA)
Source of classification or shelving scheme Library of Congress Classification
Koha item type Books
Suppress in OPAC No
Holdings
Withdrawn status Lost status Source of classification or shelving scheme Damaged status Not for loan Home library Current library Shelving location Date acquired Total checkouts Full call number Barcode Date last seen Price effective from Koha item type
    Library of Congress Classification     Main Campus 3rd Floor Main Library General stacks 06/15/2025   HF1131.W39 2003 102978 06/15/2025 06/15/2025 Books